| Tag |
First Indicator |
Second Indicator |
Subfields |
| LEADER |
00000cam a2200000Ka 4500 |
| 001 |
in00002071940 |
| 005 |
20151101184546.0 |
| 008 |
040227s2004 txub b s000 0 eng d |
| 035 |
|
|
|a (OCoLC)ocm54495929
|
| 040 |
|
|
|a IKM
|c IKM
|d OCLCQ
|d TXA
|d UtOrBLW
|
| 043 |
|
|
|a n-us-tx
|
| 049 |
|
|
|a TXAM
|
| 086 |
|
|
|a A1900.7 P422 NO.3300
|2 txdocs
|
| 090 |
|
|
|a F392.B84
|b M6685 2004
|
| 100 |
1 |
|
|a Moore, William E.,
|d 1943-
|
| 245 |
1 |
3 |
|a An archaeological survey of the Wellborn special utility district number 2003 project in Brazos County, Texas /
|c principal investigator, William E. Moore.
|
| 246 |
3 |
0 |
|a Wellborn special utility district number 2003 project in Brazos County, Texas
|
| 264 |
|
1 |
|a Bryan, Tex. :
|b Brazos Valley Research Associates,
|c [2004]
|
| 300 |
|
|
|a iv, 11 pages, 5 unnumbered leaves :
|b maps ;
|c 28 cm.
|
| 336 |
|
|
|a text
|b txt
|2 rdacontent
|
| 337 |
|
|
|a unmediated
|b n
|2 rdamedia
|
| 338 |
|
|
|a volume
|b nc
|2 rdacarrier
|
| 490 |
1 |
|
|a Contract report ;
|v no. 130
|
| 500 |
|
|
|a "Brazos Valley Research Associates project number 03-31."
|
| 500 |
|
|
|a "Texas Antiquities [Committee] permit no 3300"--Cover.
|
| 504 |
|
|
|a Includes bibliographical references (leaf 11).
|
| 650 |
|
0 |
|a Archaeological surveying
|z Texas
|z Brazos County.
|
| 651 |
|
0 |
|a Brazos County (Tex.)
|x Antiquities.
|
| 710 |
2 |
|
|a Brazos Valley Research Associates.
|
| 710 |
2 |
|
|a Texas Antiquities Committee.
|
| 830 |
|
0 |
|a Contract reports (Brazos Valley Research Associates) ;
|v no. 130.
|
| 994 |
|
|
|a C0
|b TXA
|
| 948 |
|
|
|a cataloged
|b h
|c 2005/6/27
|d c
|e rrojas
|
| 999 |
|
|
|a MARS
|
| 999 |
f |
f |
|s 844a0d8f-42fa-316c-bccb-9e4862faf9e9
|i 6e5bb0fd-2607-3207-be89-697dc115d19f
|t 0
|
| 952 |
f |
f |
|p ric
|a Texas A&M University
|b Rellis Campus
|c Joint Library Facility
|d Remote Storage
|t 0
|e F392.B84 M6685 2004
|h Library of Congress classification
|i unmediated -- volume
|m A14828854161
|
| 998 |
f |
f |
|a F392.B84 M6685 2004
|t 0
|l Remote Storage
|